[Event "5th European Small Nations"]
[Site "Andorra la Vella"]
[Date "2017.11.12"]
[Round "1.12"]
[White "Garcia Paolicchi, Raul"]
[Black "Klerides, Paris"]
[Result "1-0"]
[BlackElo "2189"]
[WhiteElo "2150"]
[LiveChessVersion "1.4.8"]

1. d4 {[%clk 1:30:57]} Nf6 {[%clk 1:30:50]} 2. Bg5 {[%clk 1:31:10]} c5
{[%clk 1:30:08]} 3. d5 {[%clk 1:31:31]} Qb6 {[%clk 1:30:27]} 4. Nc3
{[%clk 1:31:32]} d6 {[%clk 1:29:23]} 5. e4 {[%clk 1:28:06]} Qxb2 {[%clk 1:25:44]}
6. Bd2 {[%clk 1:28:28]} Qb6 {[%clk 1:25:42]} 7. f4 {[%clk 1:28:30]} g6
{[%clk 1:20:09]} 8. e5 {[%clk 1:23:59]} Nfd7 {[%clk 1:18:06]} 9. Rb1
{[%clk 1:21:42]} Qd8 {[%clk 1:15:32]} 10. Nf3 {[%clk 1:10:39]} Bg7
{[%clk 1:02:02]} 11. e6 {[%clk 1:03:47]} fxe6 {[%clk 0:57:45]} 12. Ng5
{[%clk 1:03:05]} Nf8 {[%clk 0:46:41]} 13. Bb5+ {[%clk 0:59:05]} Bd7
{[%clk 0:46:42]} 14. dxe6 {[%clk 0:58:29]} Bxb5 {[%clk 0:46:53]} 15. Nxb5
{[%clk 0:58:23]} Qc8 {[%clk 0:45:44]} 16. O-O {[%clk 0:51:19]} a6
{[%clk 0:44:35]} 17. Nc3 {[%clk 0:48:45]} Nxe6 {[%clk 0:43:52]} 18. Qg4
{[%clk 0:47:31]} Nc6 {[%clk 0:40:19]} 19. Qxe6 {[%clk 0:45:47]} Nd8
{[%clk 0:38:49]} 20. Qxc8 {[%clk 0:42:23]} Rxc8 {[%clk 0:39:16]} 21. Nd5
{[%clk 0:32:45]} h6 {[%clk 0:34:36]} 22. Ne4 {[%clk 0:31:56]} b5 {[%clk 0:33:57]}
23. Rbe1 {[%clk 0:31:51]} Rc6 {[%clk 0:15:35]} 24. Nef6+ {[%clk 0:10:25]} Bxf6
{[%clk 0:13:15]} 25. Nxf6+ {[%clk 0:10:51]} Kf7 {[%clk 0:13:27]} 26. Ng4
{[%clk 0:10:50]} h5 {[%clk 0:07:41]} 27. Nf2 {[%clk 0:10:56]} b4 {[%clk 0:07:15]}
28. Nh3 {[%clk 0:10:55]} e6 {[%clk 0:06:28]} 29. Ng5+ {[%clk 0:10:52]} Kf6
{[%clk 0:06:16]} 30. c3 {[%clk 0:09:16]} a5 {[%clk 0:03:53]} 31. cxb4
{[%clk 0:09:23]} cxb4 {[%clk 0:04:11]} 32. Be3 {[%clk 0:06:49]} Re8
{[%clk 0:01:59]} 33. Rc1 {[%clk 0:05:29]} Kf5 {[%clk 0:01:39]} 34. Rfd1
{[%clk 0:02:53]} d5 {[%clk 0:00:54]} 35. g3 {[%clk 0:02:27]} Rc4 {[%clk 0:00:42]}
36. Bb6 {[%clk 0:01:39]} Nc6 {[%clk 0:00:38]} 37. Nf7 {[%clk 0:01:43]} 1-0

[Event "5th European Small Nations"]
[Site "Andorra la Vella"]
[Date "2017.11.13"]
[Round "2.1"]
[White "Zerafa, Robert"]
[Black "Norwood, David R"]
[Result "1/2-1/2"]
[BlackElo "2505"]
[WhiteElo "2101"]
[LiveChessVersion "1.4.8"]

1. e4 {[%clk 1:30:35]} g6 {[%clk 1:30:57]} 2. d4 {[%clk 1:30:36]} Bg7
{[%clk 1:31:22]} 3. Nc3 {[%clk 1:30:49]} d6 {[%clk 1:31:40]} 4. Be3
{[%clk 1:30:59]} a6 {[%clk 1:30:24]} 5. a4 {[%clk 1:31:08]} Nf6 {[%clk 1:24:29]}
6. f3 {[%clk 1:30:39]} O-O {[%clk 1:23:46]} 7. Qd2 {[%clk 1:30:24]} Nc6
{[%clk 1:19:19]} 8. Bc4 {[%clk 1:30:05]} e6 {[%clk 1:11:38]} 9. Ba2
{[%clk 1:20:02]} Bd7 {[%clk 1:01:18]} 10. Nge2 {[%clk 1:19:34]} b5
{[%clk 0:54:55]} 11. axb5 {[%clk 1:10:46]} Nb4 {[%clk 0:52:59]} 12. Bb3
{[%clk 1:04:30]} axb5 {[%clk 0:53:03]} 13. O-O {[%clk 1:00:33]} Rxa1
{[%clk 0:44:54]} 14. Rxa1 {[%clk 0:59:59]} Qb8 {[%clk 0:45:08]} 15. Qc1
{[%clk 0:57:27]} Rc8 {[%clk 0:40:36]} 16. Na2 {[%clk 0:47:46]} Nc6
{[%clk 0:36:58]} 17. c3 {[%clk 0:41:15]} Qb7 {[%clk 0:35:23]} 18. Nb4
{[%clk 0:38:09]} Ra8 {[%clk 0:32:02]} 19. Nxc6 {[%clk 0:37:51]} Bxc6
{[%clk 0:30:15]} 20. Rxa8+ {[%clk 0:37:31]} Qxa8 {[%clk 0:30:37]} 21. Qb1
{[%clk 0:37:44]} h6 {[%clk 0:25:10]} 22. Qa2 {[%clk 0:37:23]} Bxe4
{[%clk 0:17:46]} 23. Bxe6 {[%clk 0:33:23]} Qe8 {[%clk 0:13:45]} 24. Bxf7+
{[%clk 0:32:53]} Qxf7 {[%clk 0:14:06]} 25. Qxf7+ {[%clk 0:33:18]} Kxf7
{[%clk 0:14:32]} 26. fxe4 {[%clk 0:33:29]} Nxe4 {[%clk 0:14:58]} 27. Nf4
{[%clk 0:32:49]} c6 {[%clk 0:12:08]} 28. Kf1 {[%clk 0:31:15]} g5 {[%clk 0:10:56]}
29. Nd3 {[%clk 0:30:51]} Ke6 {[%clk 0:11:17]} 30. Ke2 {[%clk 0:30:54]} Bf8
{[%clk 0:07:58]} 31. g4 {[%clk 0:27:07]} c5 {[%clk 0:07:21]} 32. dxc5
{[%clk 0:27:15]} dxc5 {[%clk 0:07:45]} 33. Ne1 {[%clk 0:22:47]} Kd5
{[%clk 0:07:01]} 34. Nc2 {[%clk 0:22:57]} Bg7 {[%clk 0:05:13]} 35. Kd3
{[%clk 0:22:28]} Nd6 {[%clk 0:04:20]} 36. h3 {[%clk 0:19:18]} b4 {[%clk 0:02:45]}
37. cxb4 {[%clk 0:17:15]} c4+ {[%clk 0:03:06]} 38. Ke2 {[%clk 0:17:24]} Bxb2
{[%clk 0:01:37]} 39. Bc5 {[%clk 0:17:52]} Bc1 {[%clk 0:00:42]} 40. Bxd6
{[%clk 0:41:22]} Kxd6 {[%clk 0:31:06]} 41. Ne3 {[%clk 0:40:52]} Bxe3
{[%clk 0:17:36]} 42. Kxe3 {[%clk 0:41:20]} Kd5 {[%clk 0:17:29]} 43. Kd2
{[%clk 0:38:51]} Kc6 {[%clk 0:17:28]} 44. Kc2 {[%clk 0:38:51]} 1/2-1/2

[Event "5th European Small Nations"]
[Site "Andorra la Vella"]
[Date "2017.11.13"]
[Round "2.2"]
[White "Aloma Vidal, Robert"]
[Black "Vella, Duncan"]
[Result "1-0"]
[BlackElo "1989"]
[WhiteElo "2440"]
[LiveChessVersion "1.4.8"]

1. e4 {[%clk 1:29:21]} c5 {[%clk 1:30:43]} 2. c3 {[%clk 1:29:41]} g6
{[%clk 1:29:33]} 3. Nf3 {[%clk 1:27:58]} Bg7 {[%clk 1:29:43]} 4. d4
{[%clk 1:28:21]} cxd4 {[%clk 1:29:50]} 5. cxd4 {[%clk 1:28:42]} d5
{[%clk 1:29:41]} 6. e5 {[%clk 1:28:58]} Bg4 {[%clk 1:29:26]} 7. Bb5+
{[%clk 1:29:16]} Nc6 {[%clk 1:19:01]} 8. Bxc6+ {[%clk 1:29:20]} bxc6
{[%clk 1:19:29]} 9. Nbd2 {[%clk 1:29:41]} Bxf3 {[%clk 1:12:19]} 10. Nxf3
{[%clk 1:29:13]} Nh6 {[%clk 1:07:49]} 11. O-O {[%clk 1:27:50]} e6
{[%clk 1:01:55]} 12. Bg5 {[%clk 1:05:30]} Qb6 {[%clk 0:55:47]} 13. Rc1
{[%clk 1:01:02]} Nf5 {[%clk 0:51:51]} 14. g4 {[%clk 0:41:45]} Ne7
{[%clk 0:43:32]} 15. Qa4 {[%clk 0:39:39]} Rc8 {[%clk 0:42:11]} 16. Rc3
{[%clk 0:33:16]} h6 {[%clk 0:38:29]} 17. Bxe7 {[%clk 0:32:02]} Kxe7
{[%clk 0:38:57]} 18. Qa3+ {[%clk 0:30:54]} Ke8 {[%clk 0:38:45]} 19. Rfc1
{[%clk 0:30:53]} Bf8 {[%clk 0:37:11]} 20. Qa4 {[%clk 0:31:11]} Kd7
{[%clk 0:28:15]} 21. Rb3 {[%clk 0:30:28]} Qd8 {[%clk 0:22:05]} 22. Rb7+
{[%clk 0:30:31]} 1-0

[Event "5th European Small Nations"]
[Site "Andorra la Vella"]
[Date "2017.11.13"]
[Round "2.3"]
[White "Sammut Briffa, Peter"]
[Black "Garcia Paolicchi, Raul"]
[Result "0-1"]
[BlackElo "2150"]
[WhiteElo "1962"]
[LiveChessVersion "1.4.8"]

1. e4 {[%clk 1:30:56]} c6 {[%clk 1:30:54]} 2. d4 {[%clk 1:31:16]} d5
{[%clk 1:31:18]} 3. exd5 {[%clk 1:31:25]} cxd5 {[%clk 1:31:41]} 4. Bd3
{[%clk 1:31:49]} Nc6 {[%clk 1:31:56]} 5. c3 {[%clk 1:32:14]} Qc7 {[%clk 1:31:43]}
6. Nf3 {[%clk 1:30:56]} Bg4 {[%clk 1:31:44]} 7. h3 {[%clk 1:30:27]} Bh5
{[%clk 1:31:53]} 8. O-O {[%clk 1:30:03]} e6 {[%clk 1:31:36]} 9. Nbd2
{[%clk 1:29:20]} Bd6 {[%clk 1:30:59]} 10. Re1 {[%clk 1:29:18]} Nf6
{[%clk 1:30:42]} 11. Qc2 {[%clk 1:29:29]} O-O 12. Ng5 {[%clk 1:25:25]} Bg6
{[%clk 1:26:24]} 13. Bxg6 {[%clk 1:24:33]} hxg6 {[%clk 1:26:46]} 14. Ndf3
{[%clk 1:24:19]} Rfe8 {[%clk 1:22:39]} 15. Qd3 {[%clk 1:17:25]} Rab8
{[%clk 1:16:27]} 16. Bd2 {[%clk 1:13:49]} b5 {[%clk 0:58:12]} 17. Re2
{[%clk 1:10:35]} Bf4 {[%clk 0:51:25]} 18. Bxf4 {[%clk 1:09:36]} Qxf4
{[%clk 0:50:54]} 19. Rae1 {[%clk 1:07:44]} b4 {[%clk 0:47:48]} 20. g3
{[%clk 1:06:26]} Qc7 {[%clk 0:47:48]} 21. c4 {[%clk 1:06:26]} dxc4
{[%clk 0:41:34]} 22. Qxc4 {[%clk 0:47:09]} Rbc8 {[%clk 0:29:24]} 23. Nxf7
{[%clk 0:47:09]} Qxf7 {[%clk 0:29:24]} 24. Ng5 {[%clk 0:47:09]} Qd7
{[%clk 0:29:24]} 25. Rxe6 {[%clk 0:47:09]} Rxe6 {[%clk 0:22:54]} 26. Rxe6
{[%clk 0:35:14]} Qd5 {[%clk 0:22:01]} 27. Qc1 Ne7 {[%clk 0:17:20]} 28. Qf4
{[%clk 0:11:39]} Nf5 {[%clk 0:16:16]} 29. Re5 {[%clk 0:11:20]} Qxd4
{[%clk 0:16:16]} 30. Rxf5 {[%clk 0:11:20]} Qd1+ {[%clk 0:16:16]} 31. Kh2
{[%clk 0:11:02]} gxf5 {[%clk 0:11:15]} 32. Qxf5 {[%clk 0:11:25]} Qd7
{[%clk 0:10:59]} 33. Qf3 {[%clk 0:10:26]} Qd5 {[%clk 0:10:11]} 34. Qf4
{[%clk 0:10:44]} Rf8 {[%clk 0:09:42]} 35. Qe3 {[%clk 0:10:01]} a5
{[%clk 0:09:24]} 0-1

[Event "5th European Small Nations"]
[Site "Andorra la Vella"]
[Date "2017.11.13"]
[Round "2.4"]
[White "Ribera Baztan, Jose"]
[Black "Lauri, Joseph"]
[Result "1/2-1/2"]
[BlackElo "2174"]
[WhiteElo "2120"]
[LiveChessVersion "1.4.8"]

1. d4 {[%clk 1:30:50]} Nf6 {[%clk 1:30:58]} 2. c4 {[%clk 1:31:07]} c5
{[%clk 1:31:20]} 3. d5 {[%clk 1:31:17]} b5 {[%clk 1:31:43]} 4. cxb5
{[%clk 1:30:39]} a6 {[%clk 1:32:04]} 5. bxa6 {[%clk 1:30:42]} g6 {[%clk 1:32:23]}
6. Nc3 {[%clk 1:31:07]} Bxa6 {[%clk 1:32:40]} 7. e4 {[%clk 1:31:33]} Bxf1
{[%clk 1:33:02]} 8. Kxf1 {[%clk 1:31:58]} d6 {[%clk 1:33:21]} 9. Nf3
{[%clk 1:32:23]} Bg7 {[%clk 1:33:44]} 10. g3 {[%clk 1:32:50]} O-O
{[%clk 1:34:03]} 11. Kg2 {[%clk 1:33:16]} Nbd7 {[%clk 1:33:37]} 12. Re1
{[%clk 1:33:41]} Qa5 {[%clk 1:33:08]} 13. e5 {[%clk 1:33:38]} Ng4
{[%clk 1:18:58]} 14. exd6 {[%clk 1:33:10]} exd6 {[%clk 1:19:16]} 15. Bf4
{[%clk 1:33:26]} Nge5 {[%clk 1:08:44]} 16. Bxe5 {[%clk 1:32:56]} Nxe5 17. Nxe5
{[%clk 1:33:07]} Bxe5 {[%clk 1:05:50]} 18. Re2 {[%clk 1:15:25]} Bxc3
{[%clk 1:03:55]} 19. bxc3 {[%clk 1:15:46]} Qxc3 {[%clk 1:04:12]} 20. Rc1
{[%clk 1:14:32]} Qf6 {[%clk 1:03:10]} 21. Rc4 {[%clk 1:11:14]} Ra3 22. Rf4
{[%clk 1:06:05]} Qc3 {[%clk 0:46:57]} 23. Re3 {[%clk 0:44:00]} Qb2
{[%clk 0:47:02]} 24. Rxa3 {[%clk 0:43:12]} Qxa3 {[%clk 0:46:39]} 25. Rf6
{[%clk 0:42:01]} c4 {[%clk 0:40:06]} 26. Rf4 {[%clk 0:15:15]} Qxa2
{[%clk 0:36:22]} 27. Qg4 {[%clk 0:14:15]} c3 {[%clk 0:34:51]} 28. Rc4
{[%clk 0:14:37]} Qd2 {[%clk 0:27:40]} 29. Qe4 {[%clk 0:14:17]} Ra8
{[%clk 0:19:44]} 30. Rc7 {[%clk 0:13:59]} Rf8 {[%clk 0:19:49]} 31. Rc4
{[%clk 0:14:12]} Ra8 {[%clk 0:20:00]} 32. Rc7 {[%clk 0:14:35]} 1/2-1/2

[Event "5th European Small Nations"]
[Site "Andorra la Vella"]
[Date "2017.11.13"]
[Round "2.5"]
[White "Berend, Fred"]
[Black "Antoniou, Antonis"]
[Result "1/2-1/2"]
[BlackElo "2164"]
[WhiteElo "2371"]
[LiveChessVersion "1.4.8"]

1. d4 {[%clk 1:30:58]} d5 {[%clk 1:30:54]} 2. c4 {[%clk 1:31:24]} e6
{[%clk 1:31:16]} 3. Nf3 {[%clk 1:31:42]} Nf6 {[%clk 1:31:42]} 4. g3
{[%clk 1:32:08]} Be7 {[%clk 1:31:43]} 5. Bg2 {[%clk 1:32:34]} O-O
{[%clk 1:32:04]} 6. O-O {[%clk 1:32:46]} c6 {[%clk 1:32:16]} 7. Qc2
{[%clk 1:32:52]} b6 {[%clk 1:31:57]} 8. Nbd2 {[%clk 1:33:09]} Bb7
{[%clk 1:32:12]} 9. e4 {[%clk 1:33:34]} dxc4 {[%clk 1:32:02]} 10. Nxc4
{[%clk 1:32:47]} Nbd7 {[%clk 1:32:24]} 11. Rd1 {[%clk 1:23:42]} c5
{[%clk 1:32:35]} 12. e5 {[%clk 1:17:52]} Nd5 {[%clk 1:33:00]} 13. h4
{[%clk 1:04:27]} h6 {[%clk 1:28:36]} 14. Qe2 {[%clk 0:53:34]} Qc7
{[%clk 1:12:54]} 15. Bd2 {[%clk 0:52:07]} Rac8 {[%clk 1:07:11]} 16. Rac1
{[%clk 0:51:54]} Qb8 {[%clk 1:06:48]} 17. b3 {[%clk 0:46:07]} Rfd8
{[%clk 0:57:07]} 18. Re1 {[%clk 0:42:18]} a6 {[%clk 0:50:08]} 19. Qe4
{[%clk 0:30:26]} b5 {[%clk 0:45:02]} 20. Na5 {[%clk 0:30:38]} Ba8
{[%clk 0:45:31]} 21. Qg4 {[%clk 0:30:51]} Kh8 {[%clk 0:41:35]} 22. Qh5
{[%clk 0:30:04]} Kg8 {[%clk 0:40:30]} 23. Qg4 {[%clk 0:28:31]} Kh8
{[%clk 0:39:55]} 24. Qh5 {[%clk 0:26:50]} Kg8 {[%clk 0:39:12]} 25. Nh2
{[%clk 0:21:43]} Bf8 {[%clk 0:37:17]} 26. Ng4 {[%clk 0:14:57]} cxd4
{[%clk 0:30:30]} 27. Be4 {[%clk 0:13:41]} Rxc1 {[%clk 0:18:06]} 28. Rxc1
{[%clk 0:12:37]} Rc8 {[%clk 0:18:27]} 29. Bxh6 {[%clk 0:11:35]} gxh6
{[%clk 0:17:09]} 30. Rxc8 {[%clk 0:11:16]} Qxc8 {[%clk 0:17:27]} 31. Nxh6+
{[%clk 0:11:42]} Bxh6 {[%clk 0:17:50]} 32. Qxh6 {[%clk 0:12:09]} Nf8
{[%clk 0:17:24]} 33. Qg5+ {[%clk 0:12:34]} Kh8 {[%clk 0:17:44]} 34. Qh6+
{[%clk 0:12:58]} Kg8 {[%clk 0:18:08]} 35. Qg5+ {[%clk 0:13:25]} 1/2-1/2

[Event "5th European Small Nations"]
[Site "Andorra la Vella"]
[Date "2017.11.13"]
[Round "2.6"]
[White "Constantinou, Pavlos"]
[Black "Weber, Tom"]
[Result "0-1"]
[BlackElo "2418"]
[WhiteElo "2057"]
[LiveChessVersion "1.4.8"]

1. e4 {[%clk 1:30:48]} c5 {[%clk 1:30:52]} 2. Nf3 {[%clk 1:31:10]} Nc6
{[%clk 1:30:45]} 3. Bb5 {[%clk 1:31:35]} g6 {[%clk 1:31:12]} 4. Bxc6
{[%clk 1:31:59]} bxc6 {[%clk 1:31:39]} 5. O-O {[%clk 1:31:45]} Bg7
{[%clk 1:32:04]} 6. c3 {[%clk 1:31:59]} Nh6 {[%clk 1:29:46]} 7. d4
{[%clk 1:31:57]} cxd4 {[%clk 1:27:05]} 8. cxd4 {[%clk 1:32:19]} O-O
{[%clk 1:25:59]} 9. Nc3 {[%clk 1:32:06]} d5 {[%clk 1:23:16]} 10. e5
{[%clk 1:09:14]} f6 {[%clk 1:23:30]} 11. exf6 {[%clk 1:08:50]} exf6
{[%clk 1:23:49]} 12. Na4 {[%clk 1:06:07]} Re8 {[%clk 1:16:04]} 13. b3
{[%clk 1:02:23]} g5 {[%clk 1:01:50]} 14. Bb2 {[%clk 0:56:43]} Bg4
{[%clk 1:01:05]} 15. Rc1 {[%clk 0:55:53]} Rc8 {[%clk 1:01:22]} 16. Qd3
{[%clk 0:54:43]} Nf7 {[%clk 1:00:07]} 17. Rc3 {[%clk 0:46:30]} Re4
{[%clk 0:50:49]} 18. Nc5 {[%clk 0:41:18]} Nd6 {[%clk 0:49:12]} 19. h3
{[%clk 0:31:16]} Bh5 {[%clk 0:35:27]} 20. g4 {[%clk 0:30:44]} Bg6
{[%clk 0:27:37]} 21. Qa6 {[%clk 0:27:28]} Re7 {[%clk 0:27:51]} 22. Na4
{[%clk 0:24:43]} Be8 {[%clk 0:22:07]} 23. Ba3 {[%clk 0:23:01]} Rcc7
{[%clk 0:22:19]} 24. Bb4 {[%clk 0:21:09]} Bf8 {[%clk 0:22:20]} 25. Ba5
{[%clk 0:20:55]} Qc8 {[%clk 0:21:27]} 26. Qxc8 {[%clk 0:18:40]} Rxc8
{[%clk 0:21:52]} 27. Bb4 {[%clk 0:17:38]} Re2 {[%clk 0:20:02]} 28. Bxd6
{[%clk 0:12:54]} Bxd6 {[%clk 0:20:24]} 29. Re3 {[%clk 0:13:10]} Rxe3
{[%clk 0:20:07]} 30. fxe3 {[%clk 0:13:34]} h5 {[%clk 0:19:50]} 31. Nc5
{[%clk 0:10:24]} hxg4 {[%clk 0:19:55]} 32. hxg4 {[%clk 0:10:52]} Bg6
{[%clk 0:09:43]} 33. Kf2 {[%clk 0:09:05]} Rc7 {[%clk 0:01:43]} 34. Rh1
{[%clk 0:06:34]} Rh7 {[%clk 0:00:58]} 35. Rxh7 {[%clk 0:06:53]} Kxh7
{[%clk 0:00:50]} 36. Ne1 {[%clk 0:03:03]} Kg8 {[%clk 0:00:36]} 37. Ned3
{[%clk 0:03:05]} Kf8 {[%clk 0:00:34]} 38. Nb4 {[%clk 0:03:13]} Be8
{[%clk 0:01:00]} 39. Nba6 {[%clk 0:01:58]} Ke7 {[%clk 0:01:03]} 40. Kf3
{[%clk 0:30:41]} Bg6 {[%clk 0:30:34]} 41. Nb4 {[%clk 0:29:17]} Be8
{[%clk 0:30:34]} 42. Nba6 {[%clk 0:28:33]} Kf7 {[%clk 0:23:52]} 43. Nb4
{[%clk 0:16:43]} Kg6 {[%clk 0:22:20]} 44. Nbd3 {[%clk 0:13:33]} f5
{[%clk 0:16:31]} 45. b4 {[%clk 0:12:23]} Kf6 {[%clk 0:16:32]} 46. a3
{[%clk 0:12:26]} Bc7 {[%clk 0:14:35]} 47. Nf2 {[%clk 0:10:44]} Bg6
{[%clk 0:10:01]} 48. gxf5 {[%clk 0:09:09]} Kxf5 {[%clk 0:07:23]} 49. Nfd3
{[%clk 0:04:48]} Bh5+ {[%clk 0:07:05]} 50. Kg2 {[%clk 0:04:34]} Bd1
{[%clk 0:06:27]} 51. Nf2 {[%clk 0:04:52]} Be2 {[%clk 0:06:45]} 52. Nd7
{[%clk 0:04:06]} g4 {[%clk 0:04:54]} 53. Nc5 {[%clk 0:04:20]} Bf3+
{[%clk 0:04:43]} 54. Kg1 {[%clk 0:04:00]} g3 {[%clk 0:02:59]} 55. Nfd3
{[%clk 0:04:12]} Be4 {[%clk 0:02:50]} 56. Ne1 {[%clk 0:03:14]} Bd8
{[%clk 0:01:29]} 57. Ng2 {[%clk 0:03:20]} Bg5 {[%clk 0:00:46]} 58. Nd7
{[%clk 0:03:12]} Bd3 {[%clk 0:00:40]} 59. Ne1 {[%clk 0:01:40]} Bxe3+
{[%clk 0:00:46]} 60. Kg2 {[%clk 0:01:53]} Be4+ {[%clk 0:01:10]} 61. Kxg3
{[%clk 0:02:12]} Bxd4 {[%clk 0:01:34]} 62. Nf3 {[%clk 0:01:41]} Be3
{[%clk 0:01:48]} 63. a4 {[%clk 0:01:15]} Ke6 {[%clk 0:01:07]} 64. Nde5
{[%clk 0:00:40]} d4 {[%clk 0:00:58]} 65. Nc4 {[%clk 0:01:01]} Kd5
{[%clk 0:01:02]} 66. Nfd2 {[%clk 0:00:56]} Bh6 {[%clk 0:00:36]} 67. Nxe4
{[%clk 0:00:33]} Kxc4 {[%clk 0:00:46]} 68. b5 {[%clk 0:00:53]} cxb5
{[%clk 0:00:55]} 69. Nd6+ {[%clk 0:01:16]} Kb3 {[%clk 0:00:34]} 70. Nxb5
{[%clk 0:01:36]} d3 {[%clk 0:01:00]} 71. Kf3 {[%clk 0:01:47]} a5 {[%clk 0:01:02]}
72. Kf2 {[%clk 0:00:33]} Kxa4 {[%clk 0:01:18]} 73. Nd6 {[%clk 0:00:39]} Kb3
{[%clk 0:01:04]} 0-1

[Event "5th European Small Nations"]
[Site "Andorra la Vella"]
[Date "2017.11.13"]
[Round "2.7"]
[White "Hoegener, Claude"]
[Black "Michaelides, Konstantinos"]
[Result "0-1"]
[BlackElo "2041"]
[WhiteElo "2118"]
[LiveChessVersion "1.4.8"]

1. d4 {[%clk 1:30:55]} Nf6 {[%clk 1:30:50]} 2. Nf3 {[%clk 1:31:14]} e6
{[%clk 1:30:59]} 3. Bg5 {[%clk 1:31:36]} h6 {[%clk 1:31:14]} 4. Bf4
{[%clk 1:31:03]} c5 {[%clk 1:31:29]} 5. c3 {[%clk 1:31:10]} Nc6 {[%clk 1:31:24]}
6. e3 {[%clk 1:31:26]} d5 {[%clk 1:31:38]} 7. Nbd2 {[%clk 1:31:40]} Bd6
{[%clk 1:31:49]} 8. Bxd6 {[%clk 1:25:36]} Qxd6 {[%clk 1:32:14]} 9. Qc2
{[%clk 1:25:42]} O-O {[%clk 1:29:26]} 10. Be2 {[%clk 1:25:37]} e5
{[%clk 1:28:47]} 11. dxe5 {[%clk 1:24:36]} Nxe5 {[%clk 1:29:12]} 12. Rd1
{[%clk 1:21:21]} Rd8 {[%clk 1:19:51]} 13. Nxe5 {[%clk 1:13:37]} Qxe5
{[%clk 1:20:15]} 14. Nf3 {[%clk 1:11:00]} Qe7 {[%clk 1:20:27]} 15. O-O
{[%clk 1:10:40]} Bg4 {[%clk 1:16:04]} 16. Rfe1 {[%clk 1:08:03]} b6
{[%clk 1:09:06]} 17. Nd2 {[%clk 1:02:19]} Bxe2 {[%clk 1:03:50]} 18. Rxe2
{[%clk 1:02:20]} Rd6 {[%clk 0:48:59]} 19. Rde1 {[%clk 0:50:40]} Ne4
{[%clk 0:41:07]} 20. Nxe4 {[%clk 0:46:08]} Qxe4 {[%clk 0:38:48]} 21. Rd1
{[%clk 0:43:54]} Qe6 {[%clk 0:29:47]} 22. Red2 {[%clk 0:42:12]} Rad8
{[%clk 0:29:45]} 23. h3 {[%clk 0:40:31]} h5 {[%clk 0:28:21]} 24. Qa4
{[%clk 0:39:44]} a5 {[%clk 0:22:33]} 25. Qh4 {[%clk 0:35:45]} g6 {[%clk 0:21:56]}
26. a3 {[%clk 0:27:55]} Qe5 {[%clk 0:20:10]} 27. Qa4 {[%clk 0:25:19]} Kg7
{[%clk 0:19:01]} 28. Rd3 {[%clk 0:19:25]} R8d7 {[%clk 0:16:21]} 29. R1d2
{[%clk 0:18:15]} Rd8 {[%clk 0:13:53]} 30. Qd1 {[%clk 0:18:07]} Qe4
{[%clk 0:11:57]} 31. Qa1 {[%clk 0:14:38]} Kf8 {[%clk 0:10:45]} 32. Qd1
{[%clk 0:13:40]} Ke7 {[%clk 0:10:08]} 33. Kf1 {[%clk 0:10:31]} h4
{[%clk 0:04:06]} 34. f3 {[%clk 0:08:30]} Qe5 {[%clk 0:04:14]} 35. Kg1
{[%clk 0:08:24]} g5 {[%clk 0:03:33]} 36. Re2 {[%clk 0:03:59]} f6 {[%clk 0:02:40]}
37. Qa4 {[%clk 0:02:42]} Kf7 {[%clk 0:01:39]} 38. Qd1 {[%clk 0:02:18]} Kg7
{[%clk 0:01:37]} 39. Qd2 {[%clk 0:01:31]} Re8 {[%clk 0:00:42]} 40. e4
{[%clk 0:30:43]} d4 {[%clk 0:30:50]} 41. cxd4 {[%clk 0:28:57]} cxd4
{[%clk 0:26:36]} 42. Re1 {[%clk 0:28:20]} Qb5 {[%clk 0:19:12]} 43. Rc1
{[%clk 0:26:17]} Red8 {[%clk 0:19:09]} 44. Kh1 {[%clk 0:25:58]} Kg6
{[%clk 0:15:02]} 45. Rc7 {[%clk 0:18:52]} R6d7 {[%clk 0:12:22]} 46. Rc2
{[%clk 0:17:36]} Rd6 {[%clk 0:08:46]} 47. b3 {[%clk 0:14:55]} a4 {[%clk 0:05:48]}
48. b4 {[%clk 0:13:12]} Kh6 {[%clk 0:04:53]} 49. Rc7 {[%clk 0:12:40]} R6d7
{[%clk 0:04:56]} 50. Rxd7 {[%clk 0:12:32]} Qxd7 {[%clk 0:05:19]} 51. f4
{[%clk 0:12:37]} Qd6 {[%clk 0:02:00]} 52. fxg5+ {[%clk 0:11:59]} fxg5
{[%clk 0:02:30]} 53. Qf2 {[%clk 0:11:14]} Qe5 {[%clk 0:01:25]} 54. Qf7
{[%clk 0:08:08]} Rd6 {[%clk 0:00:04]} 55. Qf8+ {[%clk 0:06:50]} Kg6
{[%clk 0:01:01]} 56. Qg8+ {[%clk 0:05:34]} Qg7 {[%clk 0:00:37]} 57. Qe8+
{[%clk 0:04:56]} Qf7 {[%clk 0:01:02]} 58. Qb5 {[%clk 0:01:09]} Qf1+
{[%clk 0:00:58]} 59. Kh2 {[%clk 0:01:32]} Qf4+ {[%clk 0:01:16]} 60. Kh1
{[%clk 0:01:39]} Qxe4 {[%clk 0:01:23]} 61. Qc4 {[%clk 0:01:42]} Qd5
{[%clk 0:00:35]} 62. Qc2 {[%clk 0:01:46]} Kh6 {[%clk 0:00:48]} 63. Qxa4
{[%clk 0:02:01]} Re6 {[%clk 0:00:35]} 64. Qd1 {[%clk 0:01:49]} Re4
{[%clk 0:00:48]} 65. a4 {[%clk 0:01:33]} Qe5 {[%clk 0:01:12]} 0-1

[Event "5th European Small Nations"]
[Site "Andorra la Vella"]
[Date "2017.11.13"]
[Round "2.8"]
[White "Klerides, Paris"]
[Black "Gengler, Pierre"]
[Result "1-0"]
[BlackElo "2192"]
[WhiteElo "2189"]
[LiveChessVersion "1.4.8"]

1. e4 {[%clk 1:27:43]} c5 {[%clk 1:30:56]} 2. Nf3 {[%clk 1:28:04]} Nc6
{[%clk 1:31:19]} 3. d4 {[%clk 1:28:14]} cxd4 {[%clk 1:31:44]} 4. Nxd4
{[%clk 1:28:39]} Nf6 {[%clk 1:32:09]} 5. Nc3 {[%clk 1:28:55]} e5 {[%clk 1:32:35]}
6. Ndb5 {[%clk 1:29:19]} d6 {[%clk 1:33:01]} 7. Bg5 {[%clk 1:28:40]} a6
{[%clk 1:33:26]} 8. Na3 {[%clk 1:29:06]} b5 {[%clk 1:33:53]} 9. Bxf6
{[%clk 1:29:30]} gxf6 {[%clk 1:34:19]} 10. Nd5 {[%clk 1:29:51]} f5
{[%clk 1:34:41]} 11. Bd3 {[%clk 1:30:14]} Be6 {[%clk 1:35:07]} 12. O-O
{[%clk 1:30:16]} Bxd5 {[%clk 1:34:41]} 13. exd5 {[%clk 1:30:37]} Ne7
{[%clk 1:35:07]} 14. Nxb5 {[%clk 1:30:22]} Bg7 {[%clk 1:35:32]} 15. Nc3
{[%clk 1:30:42]} O-O {[%clk 1:32:09]} 16. Qh5 {[%clk 1:29:46]} e4
{[%clk 1:29:16]} 17. Bc4 {[%clk 1:29:21]} Qc8 {[%clk 1:26:54]} 18. Bb3
{[%clk 1:29:14]} a5 {[%clk 1:20:50]} 19. a4 {[%clk 1:19:10]} Bxc3
{[%clk 1:02:03]} 20. bxc3 {[%clk 1:19:38]} f4 {[%clk 0:59:25]} 21. Rae1
{[%clk 1:10:17]} f5 {[%clk 0:58:45]} 22. f3 {[%clk 0:34:45]} Qxc3
{[%clk 0:52:29]} 23. fxe4 {[%clk 0:30:20]} Qd4+ {[%clk 0:52:41]} 24. Kh1
{[%clk 0:30:24]} fxe4 {[%clk 0:53:07]} 25. Qg4+ {[%clk 0:30:30]} Kh8
{[%clk 0:33:50]} 26. Qe6 {[%clk 0:16:56]} f3 {[%clk 0:11:54]} 27. Qxe7
{[%clk 0:02:37]} f2 {[%clk 0:07:37]} 28. Rxe4 {[%clk 0:01:31]} Qd1
{[%clk 0:07:15]} 29. Bc4 {[%clk 0:01:04]} Qxc2 {[%clk 0:07:00]} 30. Rg4
{[%clk 0:01:11]} Qc3 {[%clk 0:02:26]} 31. Bd3 {[%clk 0:01:34]} 1-0